[Event "19. Sahovski festival "]
[Site "Senta"]
[Date "2015.07.12"]
[Round "2.27"]
[White "Bal, Enes Emre"]
[Black "Hereklioglu, Sude"]
[Result "1-0"]
[WhiteElo "1886"]
[BlackElo "1704"]
[PlyCount "59"]
[EventDate "2015.07.11"]

1. c4 Nf6 2. g3 g6 3. Bg2 Bg7 4. Nc3 O-O 5. e4 e5 6. Nge2 d6 7. O-O Nc6 8. d3
Nh5 9. f4 f5 10. Be3 Nd4 11. Qd2 c6 12. Rab1 Nxe2+ 13. Nxe2 Nf6 14. h3 h5 15.
b4 Qe7 16. fxe5 Qxe5 17. Nf4 Qe8 18. exf5 Bxf5 19. b5 Qd7 20. bxc6 bxc6 21. Kh2
Rab8 22. Bd4 Kh7 23. Rxb8 Rxb8 24. Qc3 Ne8 25. Nxh5 Bxd4 26. Qxd4 c5 27. Qh4
Kg8 28. Bd5+ Be6 29. Qe4 Rb2+ 30. Kg1 1-0

[Event "19. Sahovski festival "]
[Site "Senta"]
[Date "2015.07.12"]
[Round "2.28"]
[White "Lorincz, Laszlo V"]
[Black "Boros, Aron"]
[Result "1-0"]
[WhiteElo "1832"]
[BlackElo "1419"]
[PlyCount "45"]
[EventDate "2015.07.11"]

1. d4 d5 2. Bf4 Nf6 3. Nf3 e6 4. e3 Ne4 5. a3 Nd7 6. c4 c6 7. Nbd2 Ndf6 8. Bd3
Nxd2 9. Nxd2 Be7 10. Rc1 O-O 11. Bb1 h6 12. Qc2 Re8 13. Be5 g6 14. h3 Qa5 15.
O-O Bd7 16. Qd3 Rac8 17. c5 b5 18. f4 Nh5 19. g4 Ng3 20. Rf3 Ne4 21. Nxe4 f5
22. Nf6+ Bxf6 23. Bxf6 1-0

[Event "19. Sahovski festival "]
[Site "Senta"]
[Date "2015.07.12"]
[Round "2.29"]
[White "Popov, Stevan"]
[Black "Horvat, Nevena"]
[Result "1-0"]
[WhiteElo "2153"]
[BlackElo "1727"]
[PlyCount "42"]
[EventDate "2015.07.11"]

1. e4 c5 2. Nf3 d6 3. d4 cxd4 4. Qxd4 Nc6 5. Bb5 Bd7 6. Bxc6 Bxc6 7. Nc3 Nf6 8.
Bg5 Qa5 9. O-O a6 10. Rfe1 h6 11. Bxf6 gxf6 12. Nd5 Bxd5 13. exd5 Kd8 14. b4
Qc7 15. c4 Rc8 16. Rac1 b6 17. Qd3 Qd7 18. Nd4 Qg4 19. Nc6+ Kd7 20. Qe3 Rg8 21.
Qxe7+ Bxe7 1-0

[Event "19. Sahovski festival "]
[Site "Senta"]
[Date "2015.07.12"]
[Round "2.30"]
[White "Bernath, Robert"]
[Black "Abel, Istvan"]
[Result "1-0"]
[WhiteElo "2049"]
[BlackElo "1714"]
[PlyCount "73"]
[EventDate "2015.07.11"]

1. e4 c5 2. Nf3 Nc6 3. d4 cxd4 4. Nxd4 g6 5. Nc3 Bg7 6. Be3 a6 7. Qd2 d6 8.
O-O-O Bd7 9. Nd5 Nf6 10. Nxc6 Bxc6 11. Bb6 Qc8 12. Nc7+ Kf8 13. Nxa8 Nxe4 14.
Qe3 Qxa8 15. Bc4 h5 16. Qe2 Qc8 17. Rhe1 Bf6 18. Bd4 Kg7 19. Bxf6+ exf6 20. f3
Ng5 21. h4 Re8 22. Qd2 Ne6 23. Qxd6 Bxf3 24. Rxe6 fxe6 25. Qd7+ Kf8 26. gxf3
Qxc4 27. Qxb7 Re7 28. Qb8+ Kf7 29. b3 Qc7 30. Qh8 e5 31. Qh7+ Ke6 32. Qxg6 Rh7
33. f4 Qg7 34. Qe8+ Qe7 35. Qc6+ Kf5 36. fxe5 fxe5 37. Rf1+ 1-0

[Event "19. Sahovski festival "]
[Site "Senta"]
[Date "2015.07.12"]
[Round "2.32"]
[White "Bilic, Milanko"]
[Black "Toth, Kazmer"]
[Result "0-1"]
[WhiteElo "1706"]
[BlackElo "1946"]
[PlyCount "44"]
[EventDate "2015.07.11"]

1. e4 d6 2. d4 Nf6 3. Nc3 c6 4. f4 g6 5. Nf3 Bg7 6. Bd3 Bg4 7. h3 Bxf3 8. Qxf3
Qb6 9. Ne2 Nbd7 10. O-O O-O 11. a3 e5 12. Be3 exd4 13. Bxd4 Qc7 14. g4 c5 15.
Bc3 c4 16. e5 cxd3 17. exf6 dxe2 18. fxg7 exf1=Q+ 19. Rxf1 Rfe8 20. g5 Qc5+ 21.
Rf2 Qc6 22. Qg3 Nc5 0-1

[Event "19. Sahovski festival "]
[Site "Senta"]
[Date "2015.07.12"]
[Round "2.39"]
[White "Soklovacki, Mila"]
[Black "Uveric, Nebojsa"]
[Result "1-0"]
[WhiteElo "1901"]
[BlackElo "1530"]
[PlyCount "71"]
[EventDate "2015.07.11"]

1. e4 c5 2. Nf3 d6 3. Bb5+ Bd7 4. Bxd7+ Nxd7 5. d4 cxd4 6. Nxd4 Ngf6 7. Nc3 a6
8. O-O Nc5 9. Re1 e5 10. Nf3 Be7 11. Bg5 Ne6 12. Bxf6 Bxf6 13. Nd5 Rc8 14. c3
Be7 15. Qa4+ Rc6 16. Nb4 Nc5 17. Nxc6 Nxa4 18. Nxd8 Bxd8 19. Re2 Rf8 20. Rd1
Ke7 21. Red2 Bc7 22. Nxe5 f6 23. Nc4 Rd8 24. Ne3 Ke6 25. Nd5 Bb8 26. Kf1 Nc5
27. f3 Ba7 28. Ke2 Rd7 29. Nf4+ Ke7 30. Nd5+ Ke6 31. c4 Rd8 32. b3 g5 33. Ne3
Bb6 34. Nf5 Bc7 35. Rd5 Bb8 36. Rxc5 1-0

[Event "19. Sahovski festival "]
[Site "Senta"]
[Date "2015.07.12"]
[Round "2.42"]
[White "Farkas, Sandor I"]
[Black "Jankov, Danijel"]
[Result "1-0"]
[WhiteElo "1863"]
[BlackElo "1471"]
[PlyCount "53"]
[EventDate "2015.07.11"]

1. e4 c5 2. Nf3 d6 3. d4 cxd4 4. Nxd4 Nf6 5. Nc3 a6 6. Be3 g6 7. f3 Bg7 8. Qd2
Nc6 9. O-O-O O-O 10. g4 e6 11. h4 d5 12. exd5 Nxd5 13. Nxc6 Bxc3 14. Qxc3 Nxc3
15. Rxd8 Rxd8 16. Nxd8 Nxa2+ 17. Kb1 Nb4 18. c4 a5 19. Be2 Kf8 20. Bc5+ Ke8 21.
Bxb4 axb4 22. Rd1 Rb8 23. c5 Bd7 24. Nxf7 Ba4 25. Nd6+ Ke7 26. Rd4 b6 27. Rxb4
1-0

[Event "19. Sahovski festival "]
[Site "Senta"]
[Date "2015.07.12"]
[Round "2.45"]
[White "Radisic, Dragoljub"]
[Black "Nestorovic, Katarina"]
[Result "0-1"]
[WhiteElo "1384"]
[BlackElo "1820"]
[PlyCount "68"]
[EventDate "2015.07.11"]

1. e4 c5 2. Nf3 e6 3. d4 cxd4 4. Nxd4 Nf6 5. Nc3 d6 6. h3 Nc6 7. Be3 Be7 8. g4
h6 9. Bg2 a6 10. O-O O-O 11. Qd2 Ne5 12. b3 Ng6 13. f4 Qc7 14. f5 Nh4 15. Bf2
Nxg2 16. Kxg2 b5 17. Rae1 e5 18. Nf3 Bb7 19. Nd5 Nxd5 20. exd5 Rac8 21. Rc1 e4
22. Ng1 Bg5 23. Be3 Bxe3 24. Qxe3 Bxd5 25. g5 Qc3 26. Qf4 hxg5 27. Qxg5 e3+ 28.
Nf3 e2 29. f6 exf1=Q+ 30. Rxf1 Bxf3+ 31. Rxf3 Qxc2+ 32. Rf2 Qg6 33. h4 Qxg5+
34. hxg5 Rc5 0-1

[Event "19. Sahovski festival "]
[Site "Senta"]
[Date "2015.07.12"]
[Round "2.47"]
[White "Grbin, Stefan"]
[Black "Kruska, Matej"]
[Result "1-0"]
[WhiteElo "1779"]
[BlackElo "1365"]
[PlyCount "45"]
[EventDate "2015.07.11"]

1. d4 d5 2. c4 c5 3. e3 e6 4. Nc3 Nf6 5. Nf3 Bd6 6. Be2 O-O 7. O-O Bd7 8. dxc5
Bxc5 9. cxd5 exd5 10. Nxd5 Nxd5 11. Qxd5 Bb6 12. Rd1 Re8 13. Ne5 Re7 14. e4 Qc7
15. Bf4 h6 16. Ng6 Qd8 17. Nxe7+ Qxe7 18. Bxb8 Bc6 19. Qe5 Qh4 20. Qf4 Bxf2+
21. Qxf2 Qxf2+ 22. Kxf2 Rxb8 23. Bf3 1-0

[Event "19. Sahovski festival "]
[Site "Senta"]
[Date "2015.07.12"]
[Round "3.1"]
[White "Atalik, Suat"]
[Black "Nagy, Attila N"]
[Result "1-0"]
[WhiteElo "2564"]
[BlackElo "2207"]
[PlyCount "85"]
[EventDate "2015.07.11"]

1. Nf3 c5 2. c4 Nf6 3. Nc3 g6 4. d4 cxd4 5. Nxd4 Nc6 6. e4 d6 7. Be2 Nxd4 8.
Qxd4 Bg7 9. Bg5 h6 10. Be3 O-O 11. Qd2 Kh7 12. h4 Qa5 13. h5 g5 14. f3 Be6 15.
Rc1 Rfc8 16. b3 a6 17. Nd5 Qxd2+ 18. Kxd2 Nxd5 19. exd5 Bd7 20. Bd3+ Kg8 21. f4
gxf4 22. Bxf4 b5 23. Rhe1 Kf8 24. Re4 b4 25. Rce1 Re8 26. Kc1 a5 27. Bc2 Bg4
28. Bd2 Bxh5 29. Rh4 Bg6 30. Bxg6 fxg6 31. Bxh6 a4 32. Bxg7+ Kxg7 33. Kb2 a3+
34. Kc2 e5 35. dxe6 Ra5 36. Rd4 Re5 37. Rxe5 dxe5 38. Rd7+ Kf6 39. e7 Ke6 40.
Rb7 Rxe7 41. Rxe7+ Kxe7 42. Kd3 Ke6 43. Ke4 1-0

[Event "19. Sahovski festival "]
[Site "Senta"]
[Date "2015.07.12"]
[Round "3.2"]
[White "Simonyi, Zoltan"]
[Black "Arsovic, Zoran"]
[Result "0-1"]
[WhiteElo "2227"]
[BlackElo "2418"]
[PlyCount "104"]
[EventDate "2015.07.11"]

1. d4 Nf6 2. c4 g6 3. Nc3 Bg7 4. e4 d6 5. Be2 O-O 6. Nf3 Nbd7 7. Nd2 e5 8. d5
c6 9. Rb1 cxd5 10. cxd5 Ne8 11. g4 Bh6 12. Nf3 Bxc1 13. Rxc1 f6 14. Qd2 Rf7 15.
Qe3 Nf8 16. Rg1 Rc7 17. Bd3 Bd7 18. Nd2 b5 19. f3 Rac8 20. Kf2 g5 21. Nb3 a6
22. Ne2 Ng6 23. Qb6 Nf4 24. Rgd1 Rb8 25. Qe3 Rcb7 26. Ng3 a5 27. Rc2 Ng7 28.
Rdc1 Kf7 29. Nd2 Ke7 30. Ndf1 Rc8 31. Rxc8 Bxc8 32. Rc2 Bd7 33. Ke1 Rc7 34. Kd1
Rxc2 35. Bxc2 Qc7 36. Nd2 h5 37. gxh5 Ngxh5 38. Nxh5 Nxh5 39. Qg1 Qb8 40. Bd3
Nf4 41. Bf1 Kf7 42. Qg3 Qb6 43. h4 Qd4 44. Kc1 Qe3 45. hxg5 fxg5 46. Kc2 b4 47.
Kd1 Kg6 48. Qh2 Kg7 49. Ba6 Ba4+ 50. b3 Bd7 51. Bb7 Bb5 52. Bc6 Be2+ 0-1

[Event "19. Sahovski festival "]
[Site "Senta"]
[Date "2015.07.12"]
[Round "3.3"]
[White "Nestorovic, Dejan"]
[Black "Kecskemeti, Arpad"]
[Result "1-0"]
[WhiteElo "2408"]
[BlackElo "2152"]
[PlyCount "47"]
[EventDate "2015.07.11"]

1. d4 Nf6 2. c4 g6 3. Nc3 d6 4. Nf3 Bg7 5. Bg5 O-O 6. e3 Nbd7 7. Bd3 c6 8. O-O
e5 9. Qc2 Qe8 10. Bh4 Nh5 11. Ne4 d5 12. cxd5 cxd5 13. Nd6 Qe6 14. Nb5 e4 15.
Nc7 exd3 16. Qc3 Qd6 17. Nxa8 Ndf6 18. Rac1 Ne4 19. Qa5 Bg4 20. Nc7 b6 21. Qxd5
Qxd5 22. Nxd5 Bxf3 23. gxf3 Nd2 24. Be7 1-0

[Event "19. Sahovski festival "]
[Site "Senta"]
[Date "2015.07.12"]
[Round "3.4"]
[White "Meszaros, Bela"]
[Black "Vucinic, Gojko"]
[Result "1/2-1/2"]
[WhiteElo "2206"]
[BlackElo "2328"]
[PlyCount "63"]
[EventDate "2015.07.11"]

1. d4 Nf6 2. c4 g6 3. Nc3 d5 4. e3 Bg7 5. Nf3 O-O 6. Bd2 c5 7. dxc5 Na6 8. cxd5
Nxc5 9. Bc4 Bg4 10. O-O a6 11. a4 Rc8 12. Rc1 Nfe4 13. Nxe4 Nxe4 14. b3 b5 15.
axb5 axb5 16. Bxb5 Qxd5 17. Bc4 Qh5 18. Be2 Rxc1 19. Bxc1 Nc3 20. Qd2 Rb8 21.
Ba3 Bf6 22. h3 Nxe2+ 23. Qxe2 Bxf3 24. Qxf3 Qxf3 25. gxf3 Rxb3 26. Bc5 Rc3 27.
Ba7 Kg7 28. Kg2 Rc2 29. Bb8 Rb2 30. Bc7 Rb7 31. Rc1 Rb2 32. Rc5 1/2-1/2

[Event "19. Sahovski festival "]
[Site "Senta"]
[Date "2015.07.12"]
[Round "3.5"]
[White "Marjanovics, Annamaria"]
[Black "Markovic, Aleksandar"]
[Result "1-0"]
[WhiteElo "2277"]
[BlackElo "2133"]
[PlyCount "91"]
[EventDate "2015.07.11"]

1. e4 c5 2. Nf3 d6 3. d4 cxd4 4. Nxd4 Nf6 5. Nc3 g6 6. Be3 Bg7 7. f3 Nc6 8. Qd2
O-O 9. O-O-O d5 10. exd5 Nxd5 11. Nxc6 bxc6 12. Bd4 Bxd4 13. Qxd4 Qb6 14. Na4
Qc7 15. Kb1 Rd8 16. Bc4 Bf5 17. Bb3 Nb6 18. Qc5 Rd6 19. Nc3 Rad8 20. Rde1 Qd7
21. a4 Nd5 22. Ne4 Bxe4 23. fxe4 Nf4 24. Rhf1 Ne6 25. Qf2 Rf8 26. e5 Rd5 27.
Bxd5 cxd5 28. Rd1 d4 29. c3 d3 30. Qe3 Qxa4 31. Rxd3 Qb5 32. Rdd1 Nc5 33. c4
Qb4 34. Qc3 Qb7 35. Rd5 Na4 36. Qc2 Nb6 37. Rd4 Qc6 38. Qe4 Qc5 39. Rfd1 Na4
40. Qc2 Nb6 41. Rd8 Qxe5 42. c5 Na8 43. Rxf8+ Kxf8 44. Rd8+ Kg7 45. Qc3 Qxc3
46. bxc3 1-0

[Event "19. Sahovski festival "]
[Site "Senta"]
[Date "2015.07.12"]
[Round "3.6"]
[White "Lazov, Toni"]
[Black "Andrijevic, Milan"]
[Result "1/2-1/2"]
[WhiteElo "2141"]
[BlackElo "2268"]
[PlyCount "93"]
[EventDate "2015.07.11"]

1. e4 c5 2. Nf3 e6 3. d4 cxd4 4. Nxd4 a6 5. Nc3 Qc7 6. Be3 b5 7. Qd2 Nf6 8. f3
b4 9. Na4 d5 10. e5 Nfd7 11. f4 Nc5 12. Nxc5 Bxc5 13. Be2 Qb6 14. Kf2 O-O 15.
Nb3 Bxe3+ 16. Qxe3 Qxe3+ 17. Kxe3 Bd7 18. Nd4 Nc6 19. Nxc6 Bxc6 20. Kd4 Bb5 21.
Bd3 Rfc8 22. Rhc1 Rc6 23. a3 bxa3 24. Rxa3 Bxd3 25. Kxd3 Rb8 26. b3 f6 27. Rca1
Rbb6 28. Ra4 Kf7 29. h3 h5 30. g3 Kg6 31. g4 hxg4 32. hxg4 fxe5 33. fxe5 Kg5
34. R1a3 a5 35. Rxa5 Kxg4 36. Ra7 g5 37. Ra1 Rb4 38. R7a4 Rf4 39. Rxf4+ gxf4
40. c4 dxc4+ 41. bxc4 Rc8 42. Kd4 Kf5 43. Ra6 Rd8+ 44. Rd6 Rf8 45. c5 f3 46.
Ke3 Kxe5 47. Rd2 1/2-1/2

[Event "19. Sahovski festival "]
[Site "Senta"]
[Date "2015.07.12"]
[Round "3.7"]
[White "Baglan, Esat"]
[Black "Sahin, Ozgun"]
[Result "1/2-1/2"]
[WhiteElo "2257"]
[BlackElo "2106"]
[PlyCount "38"]
[EventDate "2015.07.11"]

1. e4 g6 2. d4 Bg7 3. Nc3 d6 4. Be3 Nf6 5. h3 O-O 6. Nf3 c6 7. a4 Qa5 8. Bd3 c5
9. dxc5 dxc5 10. O-O Nc6 11. Qe2 e5 12. Nb5 Nd4 13. Nfxd4 cxd4 14. Bd2 Qd8 15.
Bb4 Re8 16. Nd6 Re6 17. Nxc8 Rxc8 18. Bd2 Nh5 19. g3 Qf8 1/2-1/2

[Event "19. Sahovski festival "]
[Site "Senta"]
[Date "2015.07.12"]
[Round "3.8"]
[White "Ciric, Dragan"]
[Black "Kumic, Filip"]
[Result "0-1"]
[WhiteElo "2125"]
[BlackElo "2253"]
[PlyCount "58"]
[EventDate "2015.07.11"]

1. e4 c5 2. Nf3 Nc6 3. d4 cxd4 4. Nxd4 e5 5. Nb5 d6 6. c4 a6 7. N5a3 Nf6 8. Nc3
Be7 9. Nc2 Be6 10. Bg5 O-O 11. Bxf6 Bxf6 12. Nd5 Bg5 13. Be2 g6 14. h4 Bh6 15.
g4 Bg7 16. h5 Rc8 17. Qd3 h6 18. b4 Qg5 19. Nde3 Nd4 20. Nxd4 exd4 21. Nd5 Bxd5
22. exd5 b5 23. cxb5 Rc3 24. Qd2 Qxd5 25. O-O axb5 26. a4 gxh5 27. gxh5 Rh3 28.
f3 Qxh5 29. Qf4 d3 0-1

[Event "19. Sahovski festival "]
[Site "Senta"]
[Date "2015.07.12"]
[Round "3.9"]
[White "Stojkovska, Monika"]
[Black "Jovanovic, Aleksandar D"]
[Result "1-0"]
[WhiteElo "2061"]
[BlackElo "2240"]
[PlyCount "91"]
[EventDate "2015.07.11"]

1. e4 Nc6 2. Nf3 d6 3. d4 Bg4 4. Be2 e6 5. d5 exd5 6. exd5 Nb8 7. c4 Nf6 8. Nc3
Be7 9. O-O O-O 10. Nd4 Bc8 11. Bd3 g6 12. Kh1 Na6 13. f4 Nc5 14. Bc2 Bg4 15.
Qe1 Nh5 16. Ne4 Re8 17. Nf2 Bf6 18. Qd2 Bd7 19. g4 Nxf4 20. Qxf4 Be5 21. Qd2
Qf6 22. g5 Qg7 23. Nb5 Re7 24. Rb1 a6 25. Nc3 b5 26. Nce4 bxc4 27. Nxc5 dxc5
28. Ne4 Bb5 29. Qg2 c3 30. Rf2 Rae8 31. bxc3 Bc4 32. Bd2 Bxd5 33. Nf6+ Qxf6 34.
gxf6 Bxg2+ 35. Kxg2 Re6 36. Rbf1 Rd8 37. Bb3 Rxf6 38. Rxf6 Bxf6 39. Be3 Kg7 40.
Bxc5 Rd2+ 41. Kh1 Bxc3 42. Rxf7+ Kh8 43. Rf8+ Kg7 44. Rf7+ Kh8 45. Be3 Rd8 46.
Rxc7 1-0

[Event "19. Sahovski festival "]
[Site "Senta"]
[Date "2015.07.12"]
[Round "3.10"]
[White "Korponai, Akos"]
[Black "Scepanovic, Labud"]
[Result "0-1"]
[WhiteElo "2002"]
[BlackElo "2172"]
[PlyCount "72"]
[EventDate "2015.07.11"]

1. d4 g6 2. Nf3 Bg7 3. g3 c5 4. Bg2 cxd4 5. Nxd4 Nc6 6. Nb3 d6 7. O-O Nf6 8.
Nc3 O-O 9. e4 a5 10. a4 Bg4 11. f3 Be6 12. Be3 Rc8 13. Nd4 Bc4 14. Re1 Nd7 15.
f4 Nb4 16. Qd2 Ba6 17. Bh3 Rc4 18. Bf1 Bxd4 19. Bxd4 Rxd4 20. Qxd4 Nxc2 21. Qd2
Nxa1 22. Rxa1 Bxf1 23. Rxf1 Nb6 24. Rc1 Qd7 25. b3 Rc8 26. Nb5 Rxc1+ 27. Qxc1
Qc8 28. Qd2 Qc5+ 29. Kf1 Nd7 30. Qxa5 Qc1+ 31. Qe1 Qb2 32. Qc3 Qb1+ 33. Kf2 Nc5
34. Qe3 Nxb3 35. Nc3 Qc2+ 36. Kg1 Nd2 0-1

[Event "19. Sahovski festival "]
[Site "Senta"]
[Date "2015.07.12"]
[Round "3.11"]
[White "Arsovic, Goran"]
[Black "Dermisek, Stipa"]
[Result "1/2-1/2"]
[WhiteElo "2395"]
[BlackElo "2077"]
[PlyCount "96"]
[EventDate "2015.07.11"]

1. d4 Nf6 2. Nf3 g6 3. c4 Bg7 4. g3 O-O 5. Bg2 d6 6. O-O Nbd7 7. Nc3 e5 8. e4
c6 9. h3 Qb6 10. Re1 Re8 11. d5 cxd5 12. cxd5 Nc5 13. Rb1 a5 14. Be3 Bd7 15.
Nd2 Qc7 16. Bf1 a4 17. Qf3 Reb8 18. a3 Qc8 19. Kh2 b5 20. Na2 Qe8 21. g4 h5 22.
g5 Nh7 23. Be2 Qe7 24. Qg3 Rf8 25. Nc3 Qe8 26. Rg1 Qb8 27. Na2 Qe8 28. Rbc1 Rc8
29. Nb4 Kh8 30. Rc3 Rg8 31. Rgc1 Qe7 32. Nd3 Nxd3 33. Bxd3 Rxc3 34. Rxc3 f5 35.
gxf6 Bxf6 36. Rc7 Qe8 37. Be2 g5 38. Rxd7 Qxd7 39. Bxh5 Rb8 40. Bg4 Qg7 41. Qf3
Be7 42. Bf5 Qh6 43. Qg2 Rg8 44. Nf3 Qh5 45. Bg4 Qg6 46. Bf5 Qh5 47. Bg4 Qg6 48.
Bf5 Qh5 1/2-1/2

[Event "19. Sahovski festival "]
[Site "Senta"]
[Date "2015.07.12"]
[Round "3.12"]
[White "Farkas, Tibor"]
[Black "Jovanovic, Milan B"]
[Result "1-0"]
[WhiteElo "2251"]
[BlackElo "2041"]
[PlyCount "85"]
[EventDate "2015.07.11"]

1. e4 d5 2. exd5 Qxd5 3. Nf3 Nf6 4. d4 Bg4 5. Be2 e6 6. h3 Bh5 7. c4 Bb4+ 8.
Nc3 Bxc3+ 9. bxc3 Qa5 10. Qb3 Ne4 11. O-O b6 12. g4 Bg6 13. Ne5 Nd7 14. Nxg6
hxg6 15. Bf3 f5 16. Kg2 O-O-O 17. Bxe4 fxe4 18. Re1 e5 19. Rxe4 exd4 20. cxd4
Nf6 21. Re5 Qa6 22. Bb2 Kb8 23. Rae1 Rdf8 24. Re7 Qa5 25. Qg3 Rc8 26. Qc3 Qg5
27. Bc1 Qh4 28. Qg3 Qh7 29. Bf4 Ne8 30. a4 g5 31. Bxg5 Qg6 32. Bf4 Qc6+ 33. Kg1
g5 34. Bxg5 Qxc4 35. Bf4 Qb4 36. R7e2 Qxa4 37. Be5 Rh7 38. Qc3 Nd6 39. Ra1 Qd7
40. Rea2 Nb5 41. Qd3 Kb7 42. d5 Rg8 43. Rxa7+ 1-0

[Event "19. Sahovski festival "]
[Site "Senta"]
[Date "2015.07.12"]
[Round "3.13"]
[White "Bratkovic, Jakob"]
[Black "Kovacs, Arthur Dr"]
[Result "1-0"]
[WhiteElo "2212"]
[BlackElo "2006"]
[PlyCount "49"]
[EventDate "2015.07.11"]

1. e4 c6 2. d4 d5 3. Nc3 dxe4 4. Nxe4 Nd7 5. Ng5 Ngf6 6. Bd3 e6 7. N1f3 Bd6 8.
Qe2 h6 9. Ne4 Nxe4 10. Qxe4 Nf6 11. Qe2 b6 12. Bd2 Bb7 13. Ne5 Qc7 14. O-O-O c5
15. Bb5+ Ke7 16. dxc5 Qxc5 17. a3 a5 18. f4 Rhd8 19. Bd3 Qc7 20. Kb1 Rac8 21.
Rhe1 Bd5 22. c4 Bb7 23. g4 Bxe5 24. fxe5 Nxg4 25. Qxg4 1-0

[Event "19. Sahovski festival "]
[Site "Senta"]
[Date "2015.07.12"]
[Round "3.14"]
[White "Gabric, Goran"]
[Black "Bal, Enes Emre"]
[Result "1-0"]
[WhiteElo "2164"]
[BlackElo "1886"]
[PlyCount "47"]
[EventDate "2015.07.11"]

1. e4 c5 2. Nf3 g6 3. d4 cxd4 4. Nxd4 Bg7 5. c4 Nc6 6. Be3 Nf6 7. Nc3 Ng4 8.
Qxg4 Nxd4 9. Qd1 Ne6 10. Be2 Qa5 11. O-O Bxc3 12. bxc3 Qxc3 13. Rc1 Qa5 14. f4
d6 15. f5 Nc5 16. fxg6 hxg6 17. e5 Ne6 18. c5 dxc5 19. Qd5 Qc7 20. Bb5+ Bd7 21.
Rxc5 Bc6 22. Rxc6 bxc6 23. Bxc6+ Kf8 24. Qxe6 1-0

[Event "19. Sahovski festival "]
[Site "Senta"]
[Date "2015.07.12"]
[Round "3.15"]
[White "Bratkovic, Sham"]
[Black "Lorincz, Laszlo V"]
[Result "1-0"]
[WhiteElo "2152"]
[BlackElo "1832"]
[PlyCount "69"]
[EventDate "2015.07.11"]

1. d4 d5 2. c4 c6 3. Nc3 e6 4. e3 Nf6 5. Nf3 Nbd7 6. Qc2 Be7 7. b3 b6 8. Bd3
Bb7 9. O-O Rc8 10. Bb2 h6 11. Rad1 O-O 12. Qe2 Bd6 13. e4 dxe4 14. Nxe4 Nxe4
15. Bxe4 Nf6 16. Bb1 Be7 17. Ne5 Qc7 18. Qc2 h5 19. Rfe1 Bd8 20. Re3 g6 21. Qd2
Nh7 22. Rg3 Bf6 23. Qc2 Bxe5 24. dxe5 Qe7 25. Qe2 Kh8 26. Rgd3 Rfd8 27. Rd6 Nf8
28. Qd2 Re8 29. Qh6+ Kg8 30. Bc1 Qc7 31. Bg5 f5 32. Rd7 Qxe5 33. Rxb7 Red8 34.
Bxd8 Rxd8 35. Qc1 1-0

[Event "19. Sahovski festival "]
[Site "Senta"]
[Date "2015.07.12"]
[Round "3.16"]
[White "Dikic, Veljko"]
[Black "Todorovic, Jovan"]
[Result "0-1"]
[WhiteElo "1947"]
[BlackElo "2402"]
[PlyCount "81"]
[EventDate "2015.07.11"]

1. e4 c5 2. Nf3 d6 3. Bb5+ Nc6 4. O-O Bd7 5. Re1 a6 6. Bf1 Nf6 7. c3 Bg4 8. d3
e6 9. Nbd2 Be7 10. g3 Nd7 11. Bg2 Rc8 12. Nf1 Nde5 13. Ne3 Bh5 14. h3 Bxf3 15.
Bxf3 Nxf3+ 16. Qxf3 O-O 17. Qh5 Qd7 18. f4 b5 19. f5 Rce8 20. Rf1 Kh8 21. f6
gxf6 22. Ng4 Rg8 23. Nh6 Rxg3+ 24. Kh2 Rg6 25. Nxf7+ Kg7 26. Nh6 Bd8 27. Be3
Ne5 28. d4 cxd4 29. cxd4 Nf7 30. Rg1 Bb6 31. Raf1 Rc8 32. Ng4 Rc2+ 33. Kh1 Bd8
34. Nh6 Qe8 35. Rg4 f5 36. Rxf5 exf5 37. Nxf5+ Kf8 38. Ng3 Rxg4 39. Qxg4 Bf6
40. Qf5 Qc8 41. Bh6+ 0-1

[Event "19. Sahovski festival "]
[Site "Senta"]
[Date "2015.07.12"]
[Round "3.17"]
[White "Toth, Kazmer"]
[Black "Vranic, Ljubomir"]
[Result "0-1"]
[WhiteElo "1946"]
[BlackElo "2213"]
[PlyCount "124"]
[EventDate "2015.07.11"]

1. d4 f5 2. c4 g6 3. Nf3 Bg7 4. Nc3 c5 5. e3 Nh6 6. b3 Nf7 7. Bb2 O-O 8. g3 g5
9. dxc5 Na6 10. Nd4 e6 11. Bg2 Nxc5 12. O-O Rb8 13. Ndb5 a6 14. Nd6 Qb6 15.
Nxf7 Rxf7 16. Qd2 d6 17. Rad1 Bf8 18. Qd4 e5 19. Qd2 Be6 20. Nd5 Qd8 21. Ba3 g4
22. Nc3 Qg5 23. Bxc5 dxc5 24. Bd5 Re8 25. Qe2 Rf6 26. f4 gxf3 27. Qxf3 Bxd5 28.
Nxd5 Rf7 29. Kh1 e4 30. Qf4 Qg6 31. Qf2 Bg7 32. Nf4 Qc6 33. Rd5 b5 34. Qc2 Re5
35. Rfd1 Rfe7 36. Rd6 Qb7 37. R1d5 Rxd5 38. cxd5 c4 39. Rc6 c3 40. b4 Rd7 41.
Rc5 Be5 42. a3 Kh8 43. Qb3 Re7 44. Ne2 Qb6 45. Kg2 Rc7 46. Nxc3 Rxc5 47. bxc5
Qxc5 48. Ne2 Qc4 49. Qxc4 bxc4 50. Kf2 Kg7 51. Ke1 Kf6 52. Kd1 Ke7 53. Kc2 Kd6
54. Nc3 h5 55. a4 Kc5 56. Na2 a5 57. Nc3 Kb4 58. Ne2 Kxa4 59. Nf4 Kb4 60. Ne6
a4 61. Nd4 Bxd4 62. exd4 Kb5 0-1

[Event "19. Sahovski festival "]
[Site "Senta"]
[Date "2015.07.12"]
[Round "3.18"]
[White "Juhasz, Jeno"]
[Black "Popov, Stevan"]
[Result "0-1"]
[WhiteElo "1942"]
[BlackElo "2153"]
[PlyCount "88"]
[EventDate "2015.07.11"]

1. Nf3 Nf6 2. c4 e6 3. Nc3 d5 4. e3 Be7 5. b3 O-O 6. Be2 c5 7. O-O d4 8. exd4
cxd4 9. Nb5 d3 10. Bxd3 Qxd3 11. Nc7 Na6 12. Nxa8 Bd7 13. Nc7 Nxc7 14. Bb2 Bc6
15. Ne5 Qf5 16. d3 Rd8 17. Qe2 Nd7 18. Nxc6 bxc6 19. Rad1 Nf6 20. Qe3 Bc5 21.
d4 Bd6 22. h3 h6 23. Rfe1 a6 24. Bc1 Rc8 25. Qe2 Re8 26. Rd3 e5 27. Rf3 Qg6 28.
dxe5 Rxe5 29. Be3 Ne6 30. Qd2 Ne4 31. Qc1 N6g5 32. Bxg5 Rxg5 33. Qe3 Rxg2+ 34.
Kf1 Bc5 35. Qf4 Rg1+ 36. Ke2 Rxe1+ 37. Kxe1 Ng5 38. Rc3 Qb1+ 39. Rc1 Qxa2 40.
h4 Ne6 41. Qf3 Nd4 42. Qg4 Qxb3 43. Kf1 h5 44. Qg2 Qd3+ 0-1

[Event "19. Sahovski festival "]
[Site "Senta"]
[Date "2015.07.12"]
[Round "3.19"]
[White "Davidovic, Zoran"]
[Black "Matovic, Mihajlo Z"]
[Result "1/2-1/2"]
[WhiteElo "1931"]
[BlackElo "2100"]
[PlyCount "121"]
[EventDate "2015.07.11"]

1. d4 Nf6 2. Nf3 g6 3. Bg5 Bg7 4. e3 d6 5. Be2 O-O 6. O-O Nbd7 7. Nbd2 h6 8.
Bh4 g5 9. Bg3 Nh5 10. c3 Nxg3 11. hxg3 e5 12. dxe5 dxe5 13. Qc2 f5 14. Rfd1 g4
15. Nh4 Qg5 16. Bc4+ Kh8 17. Be6 Nc5 18. Bxc8 Raxc8 19. b4 Ne6 20. Nf1 Rf7 21.
Rd5 Qf6 22. Rad1 c5 23. Qb1 cxb4 24. cxb4 Rcc7 25. Rxe5 Kg8 26. Rxf5 Qb2 27.
Qxb2 Bxb2 28. Rxf7 Kxf7 29. Nf5 Kg6 30. e4 Rc4 31. b5 Rxe4 32. Nd6 Re2 33. Rd2
Nd4 34. a4 Bc3 35. Rxe2 Nxe2+ 36. Kh2 Be1 37. f4 b6 38. Nc8 Nc3 39. Nxa7 Nxa4
40. Nc8 Bf2 41. Nd2 Nc3 42. Nd6 Ne2 43. N2e4 Bg1+ 44. Kh1 Bd4 45. f5+ Kg7 46.
f6+ Kf8 47. Nf5 h5 48. Nxd4 Nxd4 49. Nd6 Ne2 50. Kh2 Kg8 51. Nc4 Nd4 52. Nxb6
Nxb5 53. Nd5 Kf7 54. Nf4 Kxf6 55. Nxh5+ Kg5 56. Nf4 Nc3 57. Nd3 Ne2 58. Ne1 Kh5
59. Nf3 gxf3 60. gxf3 Kg5 61. Kg2 1/2-1/2

[Event "19. Sahovski festival "]
[Site "Senta"]
[Date "2015.07.12"]
[Round "3.20"]
[White "Elez, Sinisa"]
[Black "Soklovacki, Mila"]
[Result "1-0"]
[WhiteElo "2075"]
[BlackElo "1901"]
[PlyCount "67"]
[EventDate "2015.07.11"]

1. e4 c5 2. Nf3 Nc6 3. Bb5 a6 4. Bxc6 bxc6 5. O-O d5 6. e5 e6 7. b3 Ne7 8. Nc3
Ng6 9. Na4 Be7 10. Ba3 Qa5 11. Qe1 c4 12. Bxe7 Nxe7 13. d4 Qb5 14. Nc5 cxb3 15.
cxb3 O-O 16. Qd2 Rd8 17. Rac1 Bd7 18. Rc3 Be8 19. Rfc1 h6 20. Nh4 Rdc8 21. f4
Ra7 22. g4 Bd7 23. Nxd7 Rxd7 24. Rc5 Qb6 25. f5 Rdc7 26. Rf1 Rf8 27. f6 Ng6 28.
fxg7 Kxg7 29. Nxg6 fxg6 30. Rxf8 Kxf8 31. Qxh6+ Rg7 32. Qh8+ Kf7 33. Rc2 g5 34.
Rf2+ 1-0